000 00529nam a2200193 a 4500
005 20210223130955.0
008 090326s2004 mx r 000 0 spa d
020 _a9685956782
035 _aUPN01000170141
049 _aCG
050 4 _aPQ6651 S4.5
_bU4.7
100 1 _aAsensi, Matilde,
_d1962-
_930858
245 1 3 _aEl último Catón /
_cMatilde Asensi.
260 _aMéxico :
_bDebolsillo,
_c2004.
300 _a631 p.
440 0 _aMatilde Asensi
650 4 _aANTIGUEDADES CRISTIANAS -
_vNOVELA
_914595
905 _aLibro
999 _c142247
_d142247